000 00328nam a22001337a 4500
008 170620b xxu||||| |||| 00| 0 eng d
020 _a9780393978964
041 _aeng
080 _a32
100 _a20
101 _aSHP
245 _aSTORM CENTER THE SUPREME COURT IN AMERICA POLITICS
_cO BRIEN.D.M
942 _2udc
_cBK
999 _c18222
_d18222